00563nam a22001697a 450000500170000001000150001702000230003203500140005503700130006908200140008210000200009624500820011626000750019827000780027330000210035150000210037220180608165257.0 aENG-123179 a8178243571c695.00 aEN-106711 bDBAD/PUB a306.20954 aSudipta Kaviraj aThe imaginary institution of India:cby Sudipta Kavirajbpolitics and ideas / aNew DelhibPermanent Black in association with Ashoka Universityc2017 aHimalayana, Mall Road, Ranikhet Cantt, Ranikhet 263645bNew Delhie110092 a299p.c21cm(pbk) ait include index